Statistics for Countries with Highest Point Under 100 Meters.

Click here to take the quiz!

General Stats

  • This quiz has been taken 47 times
  • The average score is 5 of 8

Answer Stats

Country% Correct
Tuvalu
87%
Nauru
85%
Maldives
80%
Kiribati
74%
Marshall Islands
70%
Vatican City
65%
Bahamas
57%
Gambia
26%

Score Distribution

Percentile by Number Answered

Percent of People with Each Score

Your Score History

You have not taken this quiz